恐懼炸彈
| 資料類型: | 圖書 | 書目號: | 35633 |
Leader xxxxxxxxxx 001 __ PCLIS00035633 005 __ 20211206112958.0 010 0_ |a986-7450-34-5|b平裝|dNT$260 100 __ |a20051007d2005 m y0chiy09 e 101 0_ |achi 102 __ |atw 105 __ |ay z 000ay 200 1_ |a恐懼炸彈|f九把刀著 205 __ |a初版 210 __ |a臺北市|c蓋亞|d2004[民93] 215 0_ |a312面|d20公分 225 _2 |a都市恐怖病|v1 410 _0 |12001 |a都市恐怖病|v1 517 1_ |a都市恐怖病|h第一部 517 1_ |aCityfear|zeng 681 __ |a857.83|b8656 700 _0 |a九把刀|4著 801 _0 |atw|b內湖高中|c20051007|gCCR |